Le Guide Marabout du yoga / (Record no. 183110)

MARC details
000 -LEADER
campo de control de longitud fija 00680nam a2200205 i 4500
001 - NÚMERO DE CONTROL
campo de control 183110
003 - IDENTIFICADOR DE NÚMERO DE CONTROL
campo de control ES-MaACL
005 - FECHA Y HORA DE LA ÚLTIMA TRANSACCIÓN
campo de control 20230906221811.0
008 - DATOS DE LONGITUD FIJA--INFORMACIÓN GENERAL
campo de control de longitud fija 140117s1968 fr |||| | fre d
100 0# - ENTRADA PRINCIPAL--NOMBRE DE PERSONA
Nombre de persona Tondriau, Julien.
9 (RLIN) 110566
245 13 - MENCIÓN DEL TÍTULO
Título Le Guide Marabout du yoga /
Mención de responsabilidad, etc. Julien Tondriau et Joseph Devondel.
260 ## - PUBLICACIÓN, DISTRIBUCIÓN, ETC.
Lugar de publicación, distribución, etc. Verviers :
Nombre del editor, distribuidor, etc. Gérard et Cie ;
Lugar de publicación, distribución, etc. Paris :
Nombre del editor, distribuidor, etc. l'Inter,
Fecha de publicación, distribución, etc. 1968.
300 ## - DESCRIPCIÓN FÍSICA
Extensión 286 p. :
Otras características físicas il. ;
Dimensiones 18 cm.
490 1# - MENCIÓN DE SERIE
Mención de serie Marabout service ;
Designación de volumen o secuencia 79
650 #4 - PUNTO DE ACCESO ADICIONAL DE MATERIA--TÉRMINO DE MATERIA
Término de materia o nombre geográfico como elemento de entrada Yoga.
9 (RLIN) 17859
700 1# - ENTRADA AGREGADA--NOMBRE PERSONAL
Nombre de persona Devondel, Joseph-Marie.
9 (RLIN) 154220
830 0# - PUNTO DE ACCESO ADICIONAL DE SERIE-TÍTULO UNIFORME
Título uniforme Marabout service ;
Designación de volumen o secuencia 79
9 (RLIN) 191871
852 ## - LOCALIZACIÓN
Ubicación ES-MaACL
Número de control de estantería L-29942
Nota libre .- Donat. Miguel A. Velasco
Holdings
Estatus retirado Estado de pérdida Estado de daño No para préstamo Biblioteca de origen Biblioteca actual Ubicación en estantería Fecha de adquisición Fuente de adquisición Total de préstamos Signatura topográfica completa Código de barras Visto por última vez Precio de reemplazo Tipo de ítem Koha
        Biblioteca del Ateneo de Madrid Biblioteca del Ateneo de Madrid Depósito 2 17/01/2014     L-29942 1192450 23/02/2023 23/02/2023 Libro impreso